|
|
|
|
| LEADER |
00000nab#a22000007a#4500 |
| 001 |
arbauad005150 |
| 003 |
AR-BaUAD |
| 005 |
20250711110703.0 |
| 008 |
940804|||||||||###||||||b###|0###a|spa|| |
| 040 |
|
|
|a AR-BaUAD
|c AR-BaUAD
|b spa
|
| 245 |
1 |
0 |
|a Conjunto habitacional Barrio Alte. Brown, Godoy Cruz, provincia de Mendoza
|
| 300 |
0 |
|
|b cortes, gráf., plantas, vistas
|
| 653 |
|
|
|a POLITICA HABITACIONAL
|
| 653 |
|
|
|a DECADA DE 1970
|
| 653 |
|
|
|a FONAVI
|
| 653 |
|
|
|a URBANISMO
|
| 653 |
|
|
|a ARGENTINA
|
| 653 |
|
|
|a BARRIO ALMIRANTE BROWN
|
| 653 |
|
|
|a CONJUNTOS HAB. DE BAJA DENS.
|
| 653 |
|
|
|a MENDOZA
|
| 653 |
|
|
|a BAZZO, MIRTA
|
| 653 |
|
|
|a GILBERT DE GRINFELD, ANA
|
| 653 |
|
|
|a LELIO, GUSTAVO
|
| 653 |
|
|
|a VILAPRIÑO, RODOLFO
|
| 653 |
|
|
|a DETALLES CONSTRUCTIVOS
|
| 773 |
0 |
|
|t SUMMA
|g no. 136 [mayo 1979], p. 54-59
|
| 942 |
|
|
|c ARTI
|
| 952 |
|
|
|0 0
|1 0
|4 0
|7 0
|9 50070
|a AR-BAuAD
|b AR-BAuAD
|d 2025-07-11
|l 0
|p AAQA005150
|r 2025-07-11 11:07:03
|w 2025-07-11
|y ARTI
|
| 990 |
|
|
|a AQ197
|b TD
|
| 998 |
|
|
|a AAQ
|b BIBUN76
|
| 999 |
|
|
|c 29743
|d 29743
|